00326nam a2200133Ia 4500100003200000650001700032366000700049654001700056245005400073260001600127082001800143300000800161546002300169 aRavindran/ A/ Ragsdell/K.M  aOptimization f20 aoptimization aEngineering Optimization:Methods and applications bWielyc2006 a658.4033bRAV a667 aENGLISHcInfo.Tech